[Event "DM G5-2 Grp1 2024"]
[Site "Svendborg"]
[Date "2024.03.31"]
[Round "4"]
[White "Rynkjob, Bastian"]
[Black "Jepsen, Thomas Tange"]
[Result "0-1"]
[WhiteElo "1681"]
[BlackElo "2013"]
[PlyCount "106"]
[WhiteFideId "1473557"]
[BlackFideId "1405357"]
[EventDate "2024.03.28"]
[EventType "swiss"]
[EventRounds "5"]
[EventCountry "DEN"]
[SourceTitle "Live v. Kasper Jerwiarz"]

1. e4 c6 2. d4 d5 3. Nc3 dxe4 4. Nxe4 Nf6 5. Nxf6+ exf6 
6. c3 Bd6 7. Bd3 O-O 8. Ne2 Re8 9. O-O Qc7 10. h4 Bg4 
11. Qc2 h6 12. c4 Nd7 13. c5 Bh2+ 14. Kh1 Bxe2 15. Bxe2 Bf4 
16. Qc4 Bxc1 17. Raxc1 Qf4 18. Rc3 Qxh4+ 19. Rh3 Qe4 20. Bh5 Qe6 
21. Qb4 b6 22. Qd2 bxc5 23. Rg3 f5 24. dxc5 Nxc5 25. Qc3 Qe5 
26. Qc4 Ne6 27. b3 c5 28. Re3 Qd4 29. Qa6 Ng5 30. Rxe8+ Rxe8 
31. Qc6 Qe4 32. Qd7 Qe7 33. Qxf5 g6 34. Bxg6 fxg6 35. Qxg6+ Kh8 
36. Qxh6+ Qh7 37. Qxh7+ Kxh7 38. Rc1 Rc8 39. b4 c4 40. Kg1 Kg6 
41. Kf1 Kf5 42. Ke2 Ke4 43. Kd2 Kd4 44. f4 Ne4+ 45. Kc2 Rg8 
46. Rd1+ Ke3 47. Rc1 Rxg2+ 48. Kb1 Kd3 49. f5 Nc3+ 50. Rxc3+ Kxc3 
51. a4 Kb3 52. Kc1 c3 53. Kd1 c2+ 0-1

[Event "DM G5-2 Grp1 2024"]
[Site "Svendborg"]
[Date "2024.03.31"]
[Round "4"]
[White "Agger, Lars Breinholt"]
[Black "Hvid, Jorn Christensen"]
[Result "1-0"]
[WhiteElo "1872"]
[BlackElo "1985"]
[PlyCount "107"]
[WhiteFideId "1413058"]
[BlackFideId "1415964"]
[EventDate "2024.03.28"]
[EventType "swiss"]
[EventRounds "5"]
[EventCountry "DEN"]
[SourceTitle "Live v. Kasper Jerwiarz"]

1. e4 Nc6 2. Nf3 f5 3. d3 e5 4. exf5 d5 5. Bg5 Be7 
6. Bxe7 Qxe7 7. Nc3 d4 8. Ne4 Bxf5 9. Qd2 Nf6 10. Nxf6+ gxf6 
11. O-O-O O-O-O 12. g3 Rd5 13. a3 Ra5 14. Qh6 b5 15. Bh3 Bxh3 
16. Qxh3+ Kb7 17. Qg2 Qe6 18. Nd2 Kb6 19. Nb3 Ra4 20. f4 b4 
21. axb4 Rxb4 22. Nd2 Na5 23. b3 Rd8 24. fxe5 fxe5 25. Rhf1 Qe7 
26. Qf3 Qc5 27. Nc4+ Nxc4 28. dxc4 a5 29. Qf6+ Rd6 30. Qh8 d3 
31. Qb8+ Kc6 32. Qe8+ Kb6 33. Qb8+ Kc6 34. Qe8+ Kb7 35. Rf8 Qe3+ 
36. Kb2 Qe2 37. Qa8+ Kb6 38. Rb8+ Kc5 39. Qxa5+ Kc6 40. Qa6+ Kd7 
41. Qc8+ Kc6 42. Qa6+ Kd7 43. Qc8+ Kc6 44. Rxd3 Rxb8 45. Rxd6+ Kxd6 
46. Qxb8 Qxh2 47. Qd8+ Ke6 48. Qxc7 h5 49. Qc6+ Kf5 50. Qf3+ Kg5 
51. c5 Qd2 52. c6 Qd6 53. Qe4 Kf6 54. Qc4 1-0

[Event "DM G5-2 Grp1 2024"]
[Site "Svendborg"]
[Date "2024.03.31"]
[Round "4"]
[White "Hansen, Erik"]
[Black "Lauritsen, Niels"]
[Result "0-1"]
[WhiteElo "1811"]
[BlackElo "1973"]
[PlyCount "78"]
[WhiteFideId "1413503"]
[BlackFideId "1404474"]
[EventDate "2024.03.28"]
[EventType "swiss"]
[EventRounds "5"]
[EventCountry "DEN"]
[SourceTitle "Live v. Kasper Jerwiarz"]

1. e4 Nc6 2. d4 d5 3. e5 Bf5 4. c3 e6 5. Nf3 f6 
6. Bb5 Nge7 7. O-O a6 8. Bd3 fxe5 9. Bxf5 Nxf5 10. Nxe5 Nxe5 
11. dxe5 Bc5 12. b4 Bb6 13. Nd2 O-O 14. Nf3 h6 15. Nd4 Bxd4 
16. cxd4 Qh4 17. f4 h5 18. a4 Rf7 19. Ra3 g6 20. Rh3 Qe7 
21. Ba3 Qd7 22. Kh1 Rh7 23. Rff3 Rd8 24. Rc3 c6 25. a5 Qf7 
26. Rcd3 Rd7 27. Bc1 Qf8 28. Bd2 Rdf7 29. Kg1 Qd8 30. Kh1 Nh6 
31. Rdf3 Rhg7 32. Be1 Nf5 33. Rd3 Rh7 34. g4 hxg4 35. Qxg4 Rfg7 
36. Rxh7 Kxh7 37. Rh3+ Kg8 38. Bh4 Nxh4 39. Qxe6+ Rf7 0-1

[Event "DM G5-2 Grp1 2024"]
[Site "Svendborg"]
[Date "2024.03.31"]
[Round "4"]
[White "Svendsen, Peter Willer"]
[Black "Skytte, Robert"]
[Result "1/2-1/2"]
[WhiteElo "1898"]
[BlackElo "1744"]
[PlyCount "44"]
[WhiteFideId "1405250"]
[BlackFideId "1471775"]
[EventDate "2024.03.28"]
[EventType "swiss"]
[EventRounds "5"]
[EventCountry "DEN"]
[SourceTitle "Live v. Kasper Jerwiarz"]

1. e4 c5 2. Nc3 Nc6 3. Nf3 Nf6 4. d4 cxd4 5. Nxd4 d6 
6. Be2 g6 7. Be3 Bg7 8. h3 O-O 9. O-O a6 10. Qd2 Qc7 
11. Rad1 b5 12. Nxc6 Qxc6 13. Nd5 Nxd5 14. exd5 Qc7 15. c3 Bb7 
16. Rfe1 Rac8 17. Bf1 b4 18. c4 a5 19. Bh6 Rfe8 20. Bxg7 Kxg7 
21. Re4 e5 22. Rh4 h5 1/2-1/2

[Event "DM G5-2 Grp1 2024"]
[Site "Svendborg"]
[Date "2024.03.31"]
[Round "4"]
[White "Rasmussen, Morten Fredsgaard"]
[Black "Poulsen, Albert Damgaard"]
[Result "0-1"]
[WhiteElo "1881"]
[BlackElo "1707"]
[PlyCount "88"]
[WhiteFideId "1410636"]
[BlackFideId "1478613"]
[EventDate "2024.03.28"]
[EventType "swiss"]
[EventRounds "5"]
[EventCountry "DEN"]
[SourceTitle "Live v. Kasper Jerwiarz"]

1. d4 d5 2. Bf4 Nf6 3. e3 c5 4. c3 Nc6 5. Nd2 Bf5 
6. Qb3 Qd7 7. Ngf3 c4 8. Qd1 e6 9. Ne5 Qc8 10. g4 Bg6 
11. h4 h5 12. Nxg6 fxg6 13. g5 Nd7 14. Bh3 Nb6 15. f3 Be7 
16. e4 O-O 17. exd5 Nxd5 18. Bh2 Ne3 19. Qe2 Nf5 20. Nxc4 Kh7 
21. Qe4 Ncxd4 22. Bxf5 Nxf5 23. O-O-O Qc5 24. Bg1 Qb5 25. Qxe6 Rfe8 
26. Qd5 Qa4 27. Nd2 Rac8 28. Bf2 Red8 29. Qb3 Qf4 30. Rhe1 Rd3 
31. Re4 Qh2 32. Qc2 Rcd8 33. Bd4 R3xd4 34. cxd4 Nxd4 35. Qc4 Nf5 
36. Qe2 Qd6 37. Re6 Nd4 38. Rxd6 Nxe2+ 39. Kc2 Rxd6 40. Re1 Nd4+ 
41. Kc3 Nf5 42. Re4 Rc6+ 43. Kd3 Bc5 44. Nc4 Nd6 0-1

[Event "DM G5-2 Grp1 2024"]
[Site "Svendborg"]
[Date "2024.03.31"]
[Round "4"]
[White "Horslund, Mikael"]
[Black "Dithlevsen, Birgit"]
[Result "1-0"]
[WhiteElo "1839"]
[BlackElo "1668"]
[PlyCount "51"]
[WhiteFideId "1421042"]
[BlackFideId "1413201"]
[EventDate "2024.03.28"]
[EventType "swiss"]
[EventRounds "5"]
[EventCountry "DEN"]
[SourceTitle "Live v. Kasper Jerwiarz"]

1. Nc3 d5 2. d4 Nc6 3. e4 dxe4 4. d5 Nb4 5. a3 Na6 
6. Bb5+ Bd7 7. Bc4 Nf6 8. Bg5 c6 9. Bxf6 gxf6 10. Qh5 Nc7 
11. dxc6 Be6 12. cxb7 Rb8 13. Rd1 Bxc4 14. Rxd8+ Kxd8 15. b3 Ba6 
16. Qxf7 Bxb7 17. Nge2 Bc6 18. O-O Ne8 19. Nd4 Bd7 20. Nxe4 Ng7 
21. Nc5 Rb6 22. Rd1 Kc7 23. Nxd7 Kxd7 24. Ne6+ Rd6 25. Rxd6+ Kxd6 
26. Nxf8 1-0

[Event "DM G5-2 Grp1 2024"]
[Site "Svendborg"]
[Date "2024.03.31"]
[Round "4"]
[White "Jensen, Johannes Frank"]
[Black "Andersen, Per"]
[Result "1/2-1/2"]
[WhiteElo "1694"]
[BlackElo "1724"]
[PlyCount "124"]
[WhiteFideId "1457942"]
[BlackFideId "1445081"]
[EventDate "2024.03.28"]
[EventType "swiss"]
[EventRounds "5"]
[EventCountry "DEN"]
[SourceTitle "Live v. Kasper Jerwiarz"]

1. d4 Nf6 2. Nf3 g6 3. b3 Bg7 4. Bb2 O-O 5. Nbd2 d6 
6. e4 Nbd7 7. Rb1 Re8 8. Bd3 e5 9. O-O exd4 10. Nxd4 Nc5 
11. Re1 Nxd3 12. cxd3 c5 13. N4f3 b5 14. a4 bxa4 15. bxa4 Ba6 
16. d4 Bd3 17. Rc1 cxd4 18. Bxd4 Ba6 19. e5 dxe5 20. Bxe5 Rc8 
21. Rxc8 Bxc8 22. Qa1 Nh5 23. Bxg7 Nxg7 24. Nc4 Rxe1+ 25. Qxe1 Be6 
26. Qe2 Bxc4 27. Qxc4 Qd1+ 28. Qf1 Qxa4 29. g3 Qe4 30. Nd2 Qb4 
31. Qd3 Kf8 32. Qd8+ Ne8 33. Qd5 a5 34. Nf3 h6 35. Ne5 Nd6 
36. Qa8+ Kg7 37. Nd7 Qb1+ 38. Kg2 Qe4+ 39. Qxe4 Nxe4 40. Nb6 Nc5 
41. Nc4 a4 42. Kf3 f5 43. Ke3 Kf6 44. Kd4 Nb3+ 45. Kc3 Nc5 
46. Kb4 Nd3+ 47. Kxa4 Nxf2 48. Kb3 Kg5 49. Ne3 f4 50. h4+ Kh5 
51. gxf4 Kxh4 52. f5 Kg5 53. fxg6 Kxg6 54. Kc2 h5 55. Kd2 Kg5 
56. Ke2 Ng4 57. Nxg4 hxg4 58. Kf2 Kf4 59. Kg2 g3 60. Kg1 Kf3 
61. Kf1 g2+ 62. Kg1 Kg3 1/2-1/2

[Event "DM G5-2 Grp1 2024"]
[Site "Svendborg"]
[Date "2024.04.01"]
[Round "5"]
[White "Lauritsen, Niels"]
[Black "Agger, Lars Breinholt"]
[Result "1-0"]
[WhiteElo "1973"]
[BlackElo "1872"]
[PlyCount "103"]
[WhiteFideId "1404474"]
[BlackFideId "1413058"]
[EventDate "2024.03.28"]
[EventType "swiss"]
[EventRounds "5"]
[EventCountry "DEN"]
[SourceTitle "Live v. Kasper Jerwiarz"]

1. d4 Nf6 2. Nc3 d5 3. Bg5 Bf5 4. e3 h6 5. Bxf6 exf6 
6. Bd3 Bxd3 7. Qxd3 Qd7 8. e4 dxe4 9. Qxe4+ Qe6 10. O-O-O Qxe4 
11. Nxe4 Nd7 12. Nf3 O-O-O 13. Rhe1 f5 14. Ng3 g6 15. c3 Bd6 
16. Kc2 c6 17. Ne2 g5 18. Nc1 Rhe8 19. Nd3 f6 20. Rxe8 Rxe8 
21. Re1 Re4 22. g3 Kd8 23. Nd2 Re7 24. Nc4 Bc7 25. Kd2 Rxe1 
26. Kxe1 Ke7 27. Ke2 Kf7 28. Kf3 b6 29. Ke2 Nf8 30. Nb4 b5 
31. Nd2 c5 32. dxc5 Ke6 33. Nc2 a6 34. Kd3 g4 35. c4 bxc4+ 
36. Kxc4 f4 37. Nd4+ Kd7 38. b4 h5 39. a4 Ng6 40. b5 Ne5+ 
41. Kd5 fxg3 42. fxg3 axb5 43. axb5 h4 44. Ne4 hxg3 45. hxg3 Nf3 
46. Nxf3 gxf3 47. Nxf6+ Kc8 48. Ne4 Ba5 49. g4 Be1 50. g5 f2 
51. Nxf2 Bxf2 52. g6 1-0

[Event "DM G5-2 Grp1 2024"]
[Site "Svendborg"]
[Date "2024.04.01"]
[Round "5"]
[White "Jepsen, Thomas Tange"]
[Black "Poulsen, Albert Damgaard"]
[Result "1/2-1/2"]
[WhiteElo "2013"]
[BlackElo "1707"]
[PlyCount "62"]
[WhiteFideId "1405357"]
[BlackFideId "1478613"]
[EventDate "2024.03.28"]
[EventType "swiss"]
[EventRounds "5"]
[EventCountry "DEN"]
[SourceTitle "Live v. Kasper Jerwiarz"]

1. d4 d5 2. c4 c6 3. Nc3 Nf6 4. Nf3 e6 5. cxd5 exd5 
6. Bg5 Be7 7. e3 Bf5 8. Be2 O-O 9. O-O h6 10. Bh4 Nbd7 
11. a3 Re8 12. b4 b5 13. Qb3 Nb6 14. Ne5 Qc7 15. Nxc6 Qxc6 
16. Bxb5 Qxc3 17. Qxc3 Ne4 18. Qb2 Bxh4 19. Bxe8 Rxe8 20. Qe2 Nc4 
21. Qf3 Be6 22. Qf4 g5 23. Qc7 Rc8 24. Qxa7 Ncd2 25. f3 Nxf1 
26. Rxf1 Nd2 27. Rd1 Rc2 28. Qa4 Ra2 29. Rxd2 Rxd2 30. g3 g4 
31. f4 Bf6 1/2-1/2

[Event "DM G5-2 Grp1 2024"]
[Site "Svendborg"]
[Date "2024.04.01"]
[Round "5"]
[White "Hvid, Jorn Christensen"]
[Black "Rynkjob, Bastian"]
[Result "1-0"]
[WhiteElo "1985"]
[BlackElo "1681"]
[PlyCount "47"]
[WhiteFideId "1415964"]
[BlackFideId "1473557"]
[EventDate "2024.03.28"]
[EventType "swiss"]
[EventRounds "5"]
[EventCountry "DEN"]
[SourceTitle "Live v. Kasper Jerwiarz"]

1. d4 Nf6 2. Nc3 d5 3. e4 dxe4 4. Bg5 Bf5 5. f3 exf3 
6. Qxf3 Bd7 7. Qxb7 Nc6 8. O-O-O Rb8 9. Qa6 Nb4 10. Qe2 a5 
11. d5 Bg4 12. Nf3 Nfxd5 13. Nxd5 Nxd5 14. c4 c6 15. cxd5 cxd5 
16. Kb1 g6 17. Qe5 Rg8 18. Rxd5 Qc8 19. Bb5+ Rxb5 20. Rxb5 Bf5+ 
21. Ka1 f6 22. Bxf6 Kf7 23. Ng5+ Ke8 24. Rb8 1-0

[Event "DM G5-2 Grp1 2024"]
[Site "Svendborg"]
[Date "2024.04.01"]
[Round "5"]
[White "Hansen, Erik"]
[Black "Svendsen, Peter Willer"]
[Result "0-1"]
[WhiteElo "1811"]
[BlackElo "1898"]
[PlyCount "60"]
[WhiteFideId "1413503"]
[BlackFideId "1405250"]
[EventDate "2024.03.28"]
[EventType "swiss"]
[EventRounds "5"]
[EventCountry "DEN"]
[SourceTitle "Live v. Kasper Jerwiarz"]

1. e4 e5 2. Bc4 Nf6 3. d4 Nxe4 4. dxe5 d5 5. Bxd5 Ng5 
6. Nf3 Ne6 7. O-O Be7 8. Be3 O-O 9. Nc3 Na6 10. a3 c6 
11. Ba2 Qc7 12. b4 Nd8 13. h3 Bf5 14. Qe2 Ne6 15. Rad1 Nb8 
16. Rd2 Nd7 17. Nd4 Nxd4 18. Bxd4 a5 19. e6 Nf6 20. b5 Bxe6 
21. Bxe6 fxe6 22. Qxe6+ Rf7 23. Be5 Qc8 24. Qxc8+ Rxc8 25. Bxf6 Rxf6 
26. Rd7 Bxa3 27. Rfd1 Re8 28. Rxb7 Bb4 29. Na2 Bc5 30. bxc6 Bxf2+ 
0-1

[Event "DM G5-2 Grp1 2024"]
[Site "Svendborg"]
[Date "2024.04.01"]
[Round "5"]
[White "Larsen, Rune Damgaard"]
[Black "Rasmussen, Morten Fredsgaard"]
[Result "1-0"]
[WhiteElo "1733"]
[BlackElo "1881"]
[PlyCount "57"]
[WhiteFideId "1475681"]
[BlackFideId "1410636"]
[EventDate "2024.03.28"]
[EventType "swiss"]
[EventRounds "5"]
[EventCountry "DEN"]
[SourceTitle "Live v. Kasper Jerwiarz"]

1. d4 d5 2. e3 Nf6 3. Bd3 Bg4 4. Nf3 c5 5. Bb5+ Nc6 
6. Bxc6+ bxc6 7. h3 Bh5 8. g4 Bg6 9. Ne5 Qb6 10. h4 h6 
11. Nxg6 fxg6 12. Qd3 cxd4 13. exd4 O-O-O 14. f3 Nd7 15. c3 e5 
16. Nd2 exd4 17. cxd4 Re8+ 18. Kd1 Be7 19. Nb3 g5 20. h5 Bf6 
21. Bd2 Re6 22. Ba5 Qb7 23. Rc1 Rhe8 24. Re1 Rxe1+ 25. Bxe1 Bd8 
26. Qf5 Rf8 27. Qxd5 Kb8 28. Qd6+ Bc7 29. Qxd7 1-0

[Event "DM G5-2 Grp1 2024"]
[Site "Svendborg"]
[Date "2024.04.01"]
[Round "5"]
[White "Jensen, Johannes Frank"]
[Black "Reiths, Henning"]
[Result "1-0"]
[WhiteElo "1694"]
[BlackElo "1825"]
[PlyCount "76"]
[WhiteFideId "1457942"]
[BlackFideId "1410431"]
[EventDate "2024.03.28"]
[EventType "swiss"]
[EventRounds "5"]
[EventCountry "DEN"]
[SourceTitle "Live v. Kasper Jerwiarz"]

1. d4 f5 2. g3 Nf6 3. Bg2 g6 4. Nd2 d5 5. c4 e6 
6. Ngf3 Bg7 7. b3 c6 8. Bb2 O-O 9. O-O Nbd7 10. Ne5 Ne4 
11. Nxe4 fxe4 12. f3 Nxe5 13. dxe5 Qb6+ 14. Kh1 exf3 15. Rxf3 Bd7 
16. Qd3 Qc7 17. Ba3 Rxf3 18. Qxf3 Qxe5 19. Rf1 Be8 20. Bh3 g5 
21. Bg4 Bg6 22. Kg1 Re8 23. Bh5 g4 24. Bxg4 Qd4+ 25. e3 Qe4 
26. Qe2 d4 27. Bf3 Qxe3+ 28. Qxe3 dxe3 29. Bc5 Bd3 30. Re1 b6 
31. Bxe3 e5 32. Bxc6 Re7 33. Rd1 e4 34. Bd5+ Kf8 35. Rd2 Bc3 
36. Rf2+ Kg7 37. Rf4 Be5 38. Rg4+ Kf6 1-0

[Event "DM G5-2 Grp1 2024"]
[Site "Svendborg"]
[Date "2024.04.01"]
[Round "5"]
[White "Andersen, Per"]
[Black "Dithlevsen, Birgit"]
[Result "1-0"]
[WhiteElo "1724"]
[BlackElo "1668"]
[PlyCount "71"]
[WhiteFideId "1445081"]
[BlackFideId "1413201"]
[EventDate "2024.03.28"]
[EventType "swiss"]
[EventRounds "5"]
[EventCountry "DEN"]
[SourceTitle "Live v. Kasper Jerwiarz"]

1. d4 d5 2. c4 dxc4 3. e3 Nf6 4. Bxc4 e6 5. Nc3 Bb4 
6. Nf3 Nc6 7. Qc2 Bd7 8. O-O Bd6 9. e4 Be7 10. Be3 a6 
11. a3 b5 12. Be2 b4 13. axb4 Bxb4 14. Bxa6 Bxc3 15. bxc3 h6 
16. Bd3 O-O 17. Ra2 Qe7 18. Rfa1 Rxa2 19. Rxa2 Ne8 20. Bf4 Nd6 
21. e5 Ne8 22. Be4 f5 23. exf6 Qxf6 24. Be5 Nxe5 25. Nxe5 Bc8 
26. Ra7 c5 27. Bh7+ Kh8 28. Ng6+ Kxh7 29. Nxf8+ Kg8 30. Ng6 cxd4 
31. Ne7+ Kh8 32. Nxc8 Qe5 33. Ra1 dxc3 34. Ne7 Nc7 35. Ng6+ Kg8 
36. Nxe5 1-0